MARC

LEADER 00000nam0a2200000 4500
001 195916
005 20231031182930.0
035 |a (RuTPU)RU\TPU\book\213731 
035 |a BOOK00003861 
035 |a RU\TPU\book\37209 
090 |a 195916 
100 |a 20011210d1970 m y0rusy50 ca 
101 0 |a rus 
102 |a RU 
105 |a a j 000zy 
200 1 |a Сборник задач и упражнений по специальным главам высшей математики  |e учебное пособие  |f Г. И. Кручкович [и др.]  |g под ред. Г. И. Кручковича 
210 |a Москва  |c Высшая школа  |d 1970 
215 |a 511 с.  |c черт. 
610 1 |a математика 
610 1 |a высшая математика 
610 1 |a аналитическая геометрия 
610 1 |a векторная алгебра 
610 1 |a матрицы 
610 1 |a дифференциальные уравнения 
610 1 |a интегральные исчисления 
610 1 |a дифференциальные исчисления 
610 1 |a ряды 
610 1 |a векторный анализ 
610 1 |a функции комплексного переменного 
610 1 |a учебные пособия 
610 1 |a задачи 
675 |a 51(076)  |v 3 
701 1 |a Кручкович  |b Г. И.  |g Георгий Ионович 
701 1 |a Мордасова  |b Г. М.  |g Галина Михайловна 
701 1 |a Подольский  |b В. А.  |g Владимир Алексеевич 
701 1 |a Римский-Корсаков  |b Б. С.  |g Борис Сергеевич 
701 1 |a Сулейманова  |b Х. Р.  |g Хафаза Разиевна 
701 1 |a Чегис  |b И. А.  |g Инна Александровна 
702 1 |a Кручкович  |b Г. И.  |g Георгий Ионович  |4 340 
801 1 |a RU  |b 63413507  |c 20110517 
801 2 |a RU  |b 63413507  |c 20130131  |g RCR 
942 |c BK